000 00670nam a2200229 i 4500
001 80531
003 ES-MaACL
005 20230906174233.0
007 t|
008 041028s1960 sp ||||1| spa d
100 1 _aHlasko, Marek.
_963845
245 1 3 _aEl octavo día de la semana /
_cMarek Hlasko ; [versión española de Rafael Sarró y Mariano Orta].
250 _a1ª ed.
260 _aBarcelona :
_bLuis de Caralt,
_c[1960]
300 _a317 p. ;
_c21 cm.
490 1 _aGigante
700 1 _aSarro, Rafael.
_9103871
700 1 _aOrta Manzano, Mariano.
_987384
830 0 _aGigante
_9181050
852 _aES-MaACL
_jC-17002
_bR.45546
999 _c80531
_d80531